[Event "St Veit op-A 28th"]
[Site "St Veit"]
[Date "2009.07.17"]
[Round "7"]
[White "Jurkovic, Hrvoje"]
[Black "Kniest, Oliver"]
[Result "1-0"]
[WhiteElo "2407"]
[BlackElo "2305"]
[PlyCount "165"]
[EventDate "2009.07.11"]
[EventType "swiss"]
[EventRounds "9"]
[EventCountry "AUT"]
[SourceTitle "CBM 131 Extra"]
[Source "ChessBase"]
[SourceDate "2009.09.03"]
[SourceVersion "2"]
[SourceVersionDate "2009.09.16"]
[SourceQuality "1"]

1. Nf3 Nf6 2. b3 e6 3. Bb2 b6 4. e3 Bb7 5. Be2 Be7 6. 0-0 0-0 7. c4 c5 8. d4 cxd4 9. Nxd4 a6 10. Bf3 Qc7 11. Nc3 d6 12. Bxb7 Qxb7 13. Qe2 Nc6 14. Qf3 Rac8 15. Rfd1 Nd7 16. Ne4 Nde5 17. Qg3 Nb4 18. Nxd6 Bxd6 19. Ne2 Nf3+ 20. Qxf3 Qxf3 21. gxf3 Rfd8 22. Bc3 a5 23. Nd4 Bc5 24. f4 Kf8 25. Rd2 Ke7 26. Rad1 Rd6 27. Kg2 f6 28. Kf3 Na6 29. Nb5 Rxd2 30. Rxd2 Nb4 31. Ke2 Nc6 32. Nd4 Nb4 33. f5 e5 34. Ne6 g6 35. Nxc5 bxc5 36. fxg6 hxg6 37. a3 Nc6 38. Kd1 Rb8 39. Rd5 Rxb3 40. Kc2 Rb8 41. Rxc5 Kd6 42. Rd5+ Kc7 43. Bxa5+ Nxa5 44. Rxa5 Rh8 45. Ra6 f5 46. Kd3 Rxh2 47. Ke2 Rg2 48. Re6 Rg4 49. Rxe5 Rxc4 50. Ra5 Rc2+ 51. Kf3 Rc4 52. Ra6 Rg4 53. a4 Kd7 54. a5 Ke7 55. Rb6 Kf7 56. a6 Ra4 57. Ke2 Ra2+ 58. Kf1 g5 59. Kg2 Kg7 60. Kg3 Ra3 61. Kf3 Kf7 62. Rc6 f4 63. Ke4 fxe3 64. fxe3 Ra5 65. Kf3 Kg7 66. Kg4 Kf7 67. Rb6 Kg7 68. e4 Kf7 69. Rc6 Kg7 70. Kf3 Kf7 71. Ke3 Kg7 72. Kd4 g4 73. Ke3 g3 74. Kf3 Ra3+ 75. Kg2 Kf7 76. e5 Kg7 77. Rf6 Ra5 78. Kxg3 Rxe5 79. Rb6 Ra5 80. Kf4 Kf7 81. Rh6 Ke7 82. a7 Kd7 83. Rh8 1-0

[Event "St Veit op-A 28th"]
[Site "St Veit"]
[Date "2009.07.13"]
[Round "3"]
[White "Genser, Harald"]
[Black "Jurkovic, Hrvoje"]
[Result "0-1"]
[WhiteElo "2276"]
[BlackElo "2407"]
[PlyCount "77"]
[EventDate "2009.07.11"]
[EventType "swiss"]
[EventRounds "9"]
[EventCountry "AUT"]
[SourceTitle "CBM 131 Extra"]
[Source "ChessBase"]
[SourceDate "2009.09.03"]
[SourceVersion "2"]
[SourceVersionDate "2009.09.16"]
[SourceQuality "1"]

1. d4 Nf6 2. c4 d6 3. Nc3 Nbd7 4. e4 e5 5. Nf3 c6 6. Be2 Be7 7. 0-0 Qc7 8. Re1 Nf8 9. d5 Ng6 10. h3 0-0 11. Be3 c5 12. a3 Bd7 13. Kh2 a6 14. Qc2 Rab8 15. a4 b6 16. g3 Qc8 17. Ng1 Ne8 18. Bd3 h6 19. Rf1 Nc7 20. Qe2 f5 21. exf5 Bxf5 22. Bxf5 Qxf5 23. Qg4 Qxg4 24. hxg4 b5 25. axb5 axb5 26. b3 bxc4 27. bxc4 Rb4 28. Ra4 Rxa4 29. Nxa4 Rb8 30. Bd2 Bg5 31. f4 exf4 32. gxf4 Bf6 33. Nf3 Rb7 34. Kg2 Nf8 35. f5 Ne8 36. Rc1 Nd7 37. Nc3 Ne5 38. Nxe5 Bxe5 39. Ne4 0-1

[Event "St Veit op-A 28th"]
[Site "St Veit"]
[Date "2009.07.12"]
[Round "2"]
[White "Jurkovic, Hrvoje"]
[Black "Wilfling, Hermann"]
[Result "1-0"]
[WhiteElo "2407"]
[BlackElo "2168"]
[PlyCount "93"]
[EventDate "2009.07.11"]
[EventType "swiss"]
[EventRounds "9"]
[EventCountry "AUT"]
[SourceTitle "CBM 131 Extra"]
[Source "ChessBase"]
[SourceDate "2009.09.03"]
[SourceVersion "2"]
[SourceVersionDate "2009.09.16"]
[SourceQuality "1"]

1. Nf3 Nf6 2. b3 g6 3. Bb2 Bg7 4. c4 0-0 5. e3 d6 6. Be2 e5 7. d3 Nc6 8. 0-0 Re8 9. a3 Bf5 10. Nbd2 Qe7 11. b4 Rad8 12. Rc1 a6 13. Qb3 Bc8 14. b5 Nb8 15. c5 axb5 16. Qxb5 Nc6 17. cxd6 cxd6 18. Nc4 Bg4 19. Rfe1 Ra8 20. a4 Red8 21. Ba3 Ne8 22. Rb1 Rdb8 23. Nfd2 Bxe2 24. Rxe2 Qe6 25. Qb3 d5 26. Nb6 Ra5 27. Qa2 Nf6 28. Nb3 Ra7 29. Nc5 Qg4 30. f3 Qh4 31. Nxd5 Rd8 32. Nxf6+ Bxf6 33. Ne4 Be7 34. Bxe7 Qxe7 35. Qc4 Rda8 36. Nc3 Rd8 37. Rb5 Qa3 38. Reb2 Rd7 39. R5b3 Qe7 40. Nd5 Qd6 41. Rb5 Kg7 42. f4 f6 43. fxe5 fxe5 44. Rf2 Qa3 45. Nf6 Rc7 46. Ne8+ Kh8 47. Nxc7 1-0

[Event "AUT-chT 0809"]
[Site "Austria"]
[Date "2009.03.22"]
[Round "11.6"]
[White "Jurkovic, Hrvoje"]
[Black "Ragger, Anna Christina"]
[Result "1-0"]
[WhiteElo "2405"]
[BlackElo "2268"]
[PlyCount "67"]
[EventDate "2008.11.07"]
[EventType "team-tourn"]
[EventRounds "11"]
[EventCountry "AUT"]
[SourceTitle "EXT 2010"]
[Source "ChessBase"]
[SourceDate "2010.11.25"]
[SourceVersion "1"]
[SourceVersionDate "2010.11.25"]
[SourceQuality "1"]
[WhiteTeam "Raika St Veit/Glan"]
[BlackTeam "Wulkaprodersdorf"]
[WhiteTeamCountry "AUT"]
[BlackTeamCountry "AUT"]

1. e4 c6 2. d4 d5 3. exd5 cxd5 4. Bd3 Nf6 5. c3 Bg4 6. Qb3 Qc8 7. Bf4 e6 8. Nd2 Be7 9. Ngf3 Bh5 10. Ne5 0-0 11. 0-0 Nc6 12. a4 Bg6 13. Nxg6 hxg6 14. h3 b6 15. Rfe1 Ne8 16. Qd1 Nd6 17. h4 Qd7 18. Qg4 Nf5 19. h5 gxh5 20. Qxh5 g6 21. Qh3 Bf6 22. Nf3 Rfe8 23. Ng5 Bg7 24. Qh7+ Kf8 25. g4 Nh6 26. f3 Nxg4 27. Qh4 Nf6 28. Nh7+ Nxh7 29. Qxh7 f5 30. Bh6 Qf7 31. Qh8+ Qg8 32. Bxg7+ Kf7 33. Qxg8+ Rxg8 34. Be5 1-0

[Event "AUT-chT 0809"]
[Site "Austria"]
[Date "2009.01.24"]
[Round "6.5"]
[White "Baumegger, Siegfried"]
[Black "Jurkovic, Hrvoje"]
[Result "1-0"]
[WhiteElo "2447"]
[BlackElo "2405"]
[PlyCount "93"]
[EventDate "2008.11.07"]
[EventType "team-tourn"]
[EventRounds "11"]
[EventCountry "AUT"]
[SourceTitle "EXT 2010"]
[Source "ChessBase"]
[SourceDate "2010.11.25"]
[SourceVersion "1"]
[SourceVersionDate "2010.11.25"]
[SourceQuality "1"]
[WhiteTeam "Baden"]
[BlackTeam "Raika St Veit/Glan"]
[WhiteTeamCountry "AUT"]
[BlackTeamCountry "AUT"]

1. d4 d5 2. Nf3 Nc6 3. g3 Bg4 4. Bg2 Qd7 5. h3 Bxf3 6. exf3 e6 7. f4 Nge7 8. c3 Nf5 9. Nd2 h5 10. h4 Be7 11. Nf3 g6 12. 0-0 a5 13. a4 0-0 14. Re1 Bf6 15. Bf1 Nce7 16. Ne5 Bxe5 17. fxe5 b6 18. Bg5 c5 19. Bb5 Qc7 20. Bf6 Kh7 21. Kg2 Ng8 22. Bg5 Ngh6 23. Qd2 Ng8 24. Rad1 c4 25. Qf4 Ra7 26. f3 Ng7 27. Re2 Rb7 28. Rde1 Ra7 29. g4 Rb7 30. Kg3 Ra7 31. Bf6 Nxf6 32. exf6 Qxf4+ 33. Kxf4 Ne8 34. Ke5 Nc7 35. gxh5 gxh5 36. Rg2 Nxb5 37. axb5 Rd7 38. Rg5 Kh6 39. Reg1 Rdd8 40. Rg7 a4 41. f4 Ra8 42. f5 exf5 43. Kxf5 Ra7 44. R1g5 Rh8 45. Ke5 a3 46. bxa3 Re8+ 47. Kf5 1-0

[Event "Mediterranean op 2nd"]
[Site "Rijeka"]
[Date "2008.12.04"]
[Round "7"]
[White "Gvetadze, Sofio"]
[Black "Jurkovic, Hrvoje"]
[Result "1-0"]
[WhiteElo "2361"]
[BlackElo "2430"]
[PlyCount "79"]
[EventDate "2008.11.29"]
[EventType "swiss"]
[EventRounds "9"]
[EventCountry "CRO"]
[SourceTitle "CBM 127 Extra"]
[Source "ChessBase"]
[SourceDate "2009.01.08"]
[SourceVersion "2"]
[SourceVersionDate "2009.01.28"]
[SourceQuality "1"]

1. e4 c5 2. Nf3 e6 3. c4 a6 4. Nc3 Qc7 5. Be2 d6 6. d4 cxd4 7. Nxd4 Nf6 8. 0-0 b6 9. Be3 Bb7 10. f3 Nbd7 11. Qd2 Be7 12. a4 0-0 13. a5 bxa5 14. Nb3 Rab8 15. Nxa5 Ba8 16. Rfb1 d5 17. cxd5 exd5 18. exd5 Bd6 19. Kh1 Rb4 20. f4 Nc5 21. Bf3 h5 22. Ra3 Ng4 23. Nc6 Nxe3 24. Qxe3 Rxf4 25. b4 Rh4 26. h3 Bxc6 27. dxc6 Ne6 28. Nd5 Qc8 29. Qf2 Rc4 30. Nb6 Rxb4 31. Rxb4 Bxb4 32. Nxc8 Bxa3 33. Qa2 Bc5 34. Qxa6 Re8 35. Bxh5 Nf4 36. Bf3 Re1+ 37. Kh2 Ne6 38. Qd3 Nd4 39. c7 Re8 40. Ne7+ 1-0

[Event "Mediterranean op 2nd"]
[Site "Rijeka"]
[Date "2008.11.30"]
[Round "3"]
[White "Nevednichy, Vladislav"]
[Black "Jurkovic, Hrvoje"]
[Result "1-0"]
[WhiteElo "2583"]
[BlackElo "2430"]
[PlyCount "78"]
[EventDate "2008.11.29"]
[EventType "swiss"]
[EventRounds "9"]
[EventCountry "CRO"]
[SourceTitle "CBM 127 Extra"]
[Source "ChessBase"]
[SourceDate "2009.01.08"]
[SourceVersion "2"]
[SourceVersionDate "2009.01.28"]
[SourceQuality "1"]

1. e4 c5 2. Nf3 e6 3. Nc3 Nc6 4. Be2 a6 5. d4 cxd4 6. Nxd4 Qc7 7. 0-0 Nf6 8. a4 Be7 9. Kh1 0-0 10. f4 d6 11. Be3 Rd8 12. Bd3 Nxd4 13. Bxd4 e5 14. Be3 exf4 15. Bxf4 Be6 16. Qf3 Nd7 17. Nd5 Bxd5 18. exd5 Bf6 19. Qh3 Nf8 20. Be3 Be5 21. Rf3 g6 22. Raf1 Rd7 23. b4 Bc3 24. Qg4 Bg7 25. Qh4 Re8 26. b5 Re5 27. Qf2 Rde7 28. bxa6 bxa6 29. Bxa6 f5 30. Bb6 Qb8 31. Bb5 Nd7 32. Bxd7 Rxd7 33. a5 Qa8 34. c4 Qa6 35. Qa2 Re4 36. Qa4 Rde7 37. Qb5 Qxb5 38. cxb5 Rb4 39. a6 Rxb5 1-0

[Event "AUT-chT 0809"]
[Site "Austria"]
[Date "2008.11.07"]
[Round "1.6"]
[White "Froewis, Georg"]
[Black "Jurkovic, Hrvoje"]
[Result "1/2-1/2"]
[WhiteElo "2255"]
[BlackElo "2405"]
[PlyCount "83"]
[EventDate "2008.11.07"]
[EventType "team-tourn"]
[EventRounds "11"]
[EventCountry "AUT"]
[SourceTitle "EXT 2009"]
[Source "ChessBase"]
[SourceDate "2008.11.26"]
[SourceVersion "1"]
[SourceVersionDate "2008.11.26"]
[SourceQuality "1"]
[WhiteTeam "Hohenems"]
[BlackTeam "Raika St Veit/Glan"]
[WhiteTeamCountry "AUT"]
[BlackTeamCountry "AUT"]

1. e4 c5 2. Nf3 e6 3. c4 Nc6 4. Nc3 a6 5. Be2 Qc7 6. 0-0 Nf6 7. d4 cxd4 8. Nxd4 d6 9. Be3 Bd7 10. Rc1 Rc8 11. f4 Qb8 12. Nb3 Be7 13. c5 dxc5 14. e5 Nd5 15. Nxd5 exd5 16. Nxc5 Bf5 17. Bg4 Bxg4 18. Qxg4 0-0 19. Nd7 Qa8 20. Rf3 g6 21. Nb6 Qb8 22. Nd7 Qa8 23. Nb6 Qb8 24. Nxd5 Rcd8 25. Nf6+ Bxf6 26. exf6 Nd4 27. Bxd4 Rxd4 28. h4 Qd8 29. Qg5 Rd6 30. f5 Rxf6 31. Rcf1 Kg7 32. Qg3 Qd6 33. Qg4 b5 34. Kh1 h6 35. b4 Qe5 36. fxg6 fxg6 37. Rxf6 Rxf6 38. Qd7+ Kg8 39. Qc8+ Kg7 40. Qd7+ Kg8 41. Qd8+ Kg7 42. Qd7+ 1/2-1/2

[Event "CRO-chT1B 17th"]
[Site "Sibenik"]
[Date "2008.10.05"]
[Round "9"]
[White "Fercec, Nenad"]
[Black "Jurkovic, Hrvoje"]
[Result "1-0"]
[WhiteElo "2486"]
[BlackElo "2440"]
[PlyCount "67"]
[EventDate "2008.09.27"]
[EventType "team"]
[EventRounds "9"]
[EventCountry "CRO"]
[SourceTitle "CBM 126 Extra"]
[Source "ChessBase"]
[SourceDate "2008.11.05"]
[SourceVersion "1"]
[SourceVersionDate "2008.11.05"]
[SourceQuality "1"]

1. e4 c5 2. Nf3 e6 3. d4 cxd4 4. Nxd4 Nc6 5. Nc3 Qc7 6. Be3 a6 7. f4 b5 8. Bd3 Bb7 9. Qf3 Nf6 10. 0-0-0 Na5 11. g4 Nc4 12. Bxc4 Qxc4 13. g5 b4 14. gxf6 bxc3 15. fxg7 cxb2+ 16. Kb1 Bxg7 17. Rhg1 Bf6 18. Bf2 Rc8 19. Rd2 Qb4 20. Rd3 Qa4 21. Qe2 a5 22. e5 Be7 23. Rb3 Bd5 24. Qa6 Rd8 25. Rxb2 Bc4 26. Qb6 h5 27. f5 h4 28. f6 Bb4 29. Rb3 Bf8 30. h3 Rc8 31. Qb7 Rd8 32. Rg4 Bd5 33. Nb5 Bb4 34. Nc7+ 1-0

[Event "CRO-chT1B 17th"]
[Site "Sibenik"]
[Date "2008.10.03"]
[Round "7"]
[White "Sakelsek, Tadej"]
[Black "Jurkovic, Hrvoje"]
[Result "1/2-1/2"]
[WhiteElo "2390"]
[BlackElo "2440"]
[PlyCount "20"]
[EventDate "2008.09.27"]
[EventType "team"]
[EventRounds "9"]
[EventCountry "CRO"]
[SourceTitle "CBM 126 Extra"]
[Source "ChessBase"]
[SourceDate "2008.11.05"]
[SourceVersion "1"]
[SourceVersionDate "2008.11.05"]
[SourceQuality "1"]

1. e4 c5 2. Nf3 e6 3. d4 cxd4 4. Nxd4 Nf6 5. Nc3 d6 6. Be3 Be7 7. f3 0-0 8. Qd2 Nc6 9. 0-0-0 a6 10. Kb1 Qc7 1/2-1/2

[Event "CRO-chT1B 17th"]
[Site "Sibenik"]
[Date "2008.10.02"]
[Round "6"]
[White "Jurkovic, Hrvoje"]
[Black "Margitic, Zdravko"]
[Result "0-1"]
[WhiteElo "2440"]
[BlackElo "2184"]
[PlyCount "166"]
[EventDate "2008.09.27"]
[EventType "team"]
[EventRounds "9"]
[EventCountry "CRO"]
[SourceTitle "CBM 126 Extra"]
[Source "ChessBase"]
[SourceDate "2008.11.05"]
[SourceVersion "1"]
[SourceVersionDate "2008.11.05"]
[SourceQuality "1"]

1. e4 e5 2. Nf3 Nc6 3. Bb5 a6 4. Bxc6 dxc6 5. 0-0 f6 6. d4 exd4 7. Nxd4 c5 8. Nb3 Qxd1 9. Rxd1 Be6 10. Nc3 Bd6 11. Be3 b6 12. a4 a5 13. Nb5 Rd8 14. f4 Ne7 15. Rd2 Nc6 16. Rad1 Ke7 17. Nc1 Bg4 18. Re1 Kf7 19. h3 Bc8 20. Ne2 Rhe8 21. Nec3 Nd4 22. Nxd6+ Rxd6 23. Bxd4 Rxd4 24. Rf2 Bd7 25. b3 Bc6 26. e5 c4 27. Re3 cxb3 28. cxb3 Red8 29. exf6 gxf6 30. Rfe2 R8d7 31. g3 h5 32. Kf2 h4 33. f5 hxg3+ 34. Kxg3 Rd3 35. h4 Rxe3+ 36. Rxe3 Rd2 37. Kg4 Rd4+ 38. Kg3 Bd7 39. Rf3 c5 40. Ne2 Rd2 41. Nc3 Bc6 42. Re3 Rg2+ 43. Kf4 Rf2+ 44. Kg4 Bd7 45. Nd5 Bxf5+ 46. Kg3 Rb2 47. Re7+ Kg6 48. Kf4 Rh2 49. Nxb6 Rxh4+ 50. Ke3 Rh3+ 51. Kd2 Rd3+ 52. Ke1 Rxb3 53. Nc4 Rb4 54. Nxa5 Rxa4 55. Nc6 Re4+ 56. Kd2 Rxe7 57. Nxe7+ Kg5 58. Nd5 Be6 59. Nc3 Kf4 60. Ke2 c4 61. Kf2 f5 62. Nb5 Ke4 63. Ke2 Bd5 64. Nc3+ Kd4 65. Kd2 f4 66. Ne2+ Ke4 67. Nc3+ Ke5 68. Nb5 Bc6 69. Na3 Kd4 70. Nc2+ Kc5 71. Kc3 Be4 72. Nd4 Kd5 73. Ne2 f3 74. Nf4+ Ke5 75. Nh3 Bd3 76. Nf2 Kf4 77. Kd2 Kg3 78. Ke3 Bf5 79. Nd1 Bc2 80. Nf2 Bd3 81. Nd1 Kg2 82. Nf2 Bf5 83. Nd1 c3 0-1

[Event "CRO-chT1B 17th"]
[Site "Sibenik"]
[Date "2008.10.01"]
[Round "5"]
[White "Jurkovic, Hrvoje"]
[Black "Ljubicic, Filip"]
[Result "1/2-1/2"]
[WhiteElo "2440"]
[BlackElo "2415"]
[PlyCount "75"]
[EventDate "2008.09.27"]
[EventType "team"]
[EventRounds "9"]
[EventCountry "CRO"]
[SourceTitle "CBM 126 Extra"]
[Source "ChessBase"]
[SourceDate "2008.11.05"]
[SourceVersion "1"]
[SourceVersionDate "2008.11.05"]
[SourceQuality "1"]

1. e4 c5 2. c3 e6 3. d4 d5 4. exd5 exd5 5. Nf3 a6 6. dxc5 Bxc5 7. Bd3 Ne7 8. 0-0 Nbc6 9. Bf4 0-0 10. Nbd2 Ng6 11. Bg3 Bg4 12. h3 Bh5 13. Qc2 Re8 14. Nb3 Bb6 15. Nbd4 Rc8 16. Qd2 Bxf3 17. Nxf3 Qf6 18. Rad1 Rcd8 19. Rfe1 Nce5 20. Nxe5 Nxe5 21. Qe2 Bc7 22. f4 Ng6 23. Qxe8+ Rxe8 24. Rxe8+ Nf8 25. Bxh7+ Kxh7 26. Rxf8 Qe7 27. Rc8 Qe6 28. Rxc7 Qb6+ 29. Kh2 Qxc7 30. Rxd5 Qc6 31. Rd2 f6 32. a3 Qe4 33. Rd4 Qc2 34. Rb4 b5 35. a4 bxa4 36. f5 a5 37. Rb5 Qe2 38. Rxa5 1/2-1/2

[Event "St Veit op"]
[Site "St Veit"]
[Date "2008.07.09"]
[Round "5"]
[White "Jurkovic, Hrvoje"]
[Black "Kavcic, Zan"]
[Result "0-1"]
[WhiteElo "2443"]
[BlackElo "2290"]
[PlyCount "106"]
[EventDate "2008.07.05"]
[EventType "swiss"]
[EventRounds "9"]
[EventCountry "AUT"]
[SourceTitle "CBM 125 Extra"]
[Source "ChessBase"]
[SourceDate "2008.09.01"]
[SourceVersion "1"]
[SourceVersionDate "2008.09.01"]
[SourceQuality "1"]

1. e4 c5 2. Nc3 Nc6 3. g3 g6 4. Bg2 Bg7 5. d3 e6 6. Be3 d6 7. Qd2 Qa5 8. f4 Nf6 9. Nge2 0-0 10. h3 Rd8 11. d4 cxd4 12. Nxd4 Nxd4 13. Bxd4 e5 14. Be3 Nh5 15. Kf2 exf4 16. gxf4 Be6 17. Bf3 Rac8 18. f5 gxf5 19. Rag1 f4 20. Bd4 Kf8 21. Rxg7 Nxg7 22. Qxf4 Ne8 23. Bg4 Ke7 24. Re1 Rc5 25. a3 Re5 26. Bxe5 Qc5+ 27. Re3 dxe5 28. Qg5+ f6 29. Qh6 Rd2+ 30. Kf3 Bxg4+ 31. hxg4 Qc4 32. Qxh7+ Kd8 33. Qh1 Nd6 34. Qc1 Qd4 35. Ne2 Rd1 36. c3 Qa4 37. b3 Qxb3 38. c4 Rxc1 39. Rxb3 Rxc4 40. Ng3 b5 41. Nf5 Nxf5 42. gxf5 a6 43. Rd3+ Kc7 44. Ke3 a5 45. Rd5 Kc6 46. Rd8 Rc3+ 47. Ke2 Rxa3 48. Rf8 Kc5 49. Rxf6 Kd4 50. Rg6 Kxe4 51. f6 Re3+ 52. Kd2 Rf3 53. Ke2 Rf4 0-1

[Event "AUT-chT2M 0506"]
[Site "Austria"]
[Date "2006.03.04"]
[Round "8.4"]
[White "Bawart, Markus"]
[Black "Jurkovic, Hrvoje"]
[Result "0-1"]
[WhiteElo "2338"]
[BlackElo "2435"]
[PlyCount "96"]
[EventDate "2005.10.08"]
[EventType "team"]
[EventRounds "11"]
[EventCountry "AUT"]
[SourceTitle "EXT 2006"]
[Source "ChessBase"]
[SourceDate "2005.11.24"]
[SourceVersion "1"]
[SourceVersionDate "2005.11.24"]
[SourceQuality "1"]
[WhiteTeam "Graz Styria"]
[BlackTeam "St Veit/Glan"]
[WhiteTeamCountry "AUT"]
[BlackTeamCountry "AUT"]

1. Nf3 f5 2. g3 Nf6 3. Bg2 g6 4. 0-0 Bg7 5. c3 0-0 6. Qb3+ e6 7. d3 c5 8. Nbd2 d5 9. Qa3 b6 10. Rb1 Bb7 11. b4 Nbd7 12. bxc5 Nxc5 13. Nb3 Nfd7 14. Nxc5 Nxc5 15. Be3 Nd7 16. Nd4 Re8 17. c4 Bf8 18. Qb2 Nc5 19. Nb3 dxc4 20. Bxc5 Bxg2 21. Bxf8 Rxf8 22. Kxg2 cxb3 23. Qxb3 Qd6 24. Rfc1 Rac8 25. Rc2 Rc6 26. Rbc1 Rfc8 27. e4 Kf7 28. h4 a6 29. Kf3 b5 30. Ke3 a5 31. h5 a4 32. Rxc6 Rxc6 33. Qb2 Rxc1 34. Qxc1 Qb6+ 35. Ke2 fxe4 36. dxe4 b4 37. Qf4+ Ke7 38. Qg5+ Kd6 39. Qf4+ Kc6 40. hxg6 hxg6 41. Qf6 Kc5 42. Qxg6 b3 43. Qg5+ Kb4 44. Qe7+ Kc3 45. axb3 axb3 46. Qa3 Qb5+ 47. Ke1 Kc2 48. Qd6 Qd3 0-1